Polska w Unii Europejskiej : perspektywy, warunki, szanse, zagrożenia = Poland in the European Union : perspectives, conditions, chances, threats /

Saved in:
Bibliographic Details
Other Authors: Mik, Cezary.
Format: Book
Language:Polish
Published: Toruń : TNOiK "Dom Organizatora", 1997.
Edition:Wyd. 1.
Subjects:
Tags: Add Tag
No Tags, Be the first to tag this record!
LEADER 01350nam a2200337Ia 4500
001 007733183-4
005 20020606104010.5
008 980227s1997 pl b 100 0 pol d
020 |a 8386850302 
035 0 |a ocm38525376 
040 |a PIT  |c PIT  |d HLS 
041 0 |a pol  |b eng 
043 |a e-pl---  |a e------ 
050 0 0 |a HC240.25.P7  |b P68 1997 
090 |a HC240.25.P7  |b P68 1997 
245 0 0 |a Polska w Unii Europejskiej :  |b perspektywy, warunki, szanse, zagrożenia = Poland in the European Union : perspectives, conditions, chances, threats /  |c praca zbiorowa pod redakcj ̨Cezarego Mika. 
246 3 1 |a Poland in the European Union 
250 |a Wyd. 1. 
260 |a Toruń :  |b TNOiK "Dom Organizatora",  |c 1997. 
300 |a 316 p. ;  |c 24 cm. 
500 |a Papers from a conference held in Toruń on Nov. 19-20, 1996. 
504 |a Includes bibliographical references. 
546 |a Summaries in English. 
610 2 0 |a European Union  |z Poland  |v Congresses. 
651 0 |a European Union countries  |x Relations  |z Poland  |v Congresses. 
651 0 |a Poland  |x Relations  |z European Union countries  |v Congresses. 
655 7 |a Conference papers and proceedings.  |2 fast 
700 1 |a Mik, Cezary. 
776 0 8 |i Online version:  |t Polska w Unii Europejskiej.  |b Wyd. 1.  |d Toruń : TNOiK "Dom Organizatora", 1997  |w (OCoLC)605252739 
988 |a 20020608 
906 |0 OCLC